Countries of Oceania by Flag and First Letter - Statistics

General Stats
  • This quiz has been taken 1,160 times
  • The average score is 11 of 14
Answer Stats
Picture Answer % Correct
Australia
85%
New Zealand
85%
Papua New Guinea
82%
Tonga
82%
Fiji
80%
Palau
79%
Kiribati
78%
F.S. Micronesia
76%
Samoa
74%
Marshall Islands
72%
Vanuatu
72%
Nauru
70%
Solomon Islands
68%
Tuvalu
66%
No matching quizzes found
Score Distribution
Percent of People with Each Score
Percentile by Number Answered
Your Score History
You have not taken this quiz